<?xml version="1.0" encoding="utf-8"?>
<?xml-stylesheet type='text/xsl' href='./oai2.xsl'?>
<OAI-PMH xmlns="http://www.openarchives.org/OAI/2.0/" xmlns:xsi="http://www.w3.org/2001/XMLSchema-instance" xsi:schemaLocation="http://www.openarchives.org/OAI/2.0/ http://www.openarchives.org/OAI/2.0/OAI-PMH.xsd">
  <responseDate>2026-04-28T09:14:53Z</responseDate>
  <request verb="GetRecord" metadataPrefix="marcxml" identifier="record_kuniweb_1354032">https://kulturerbe.niedersachsen.de/oai</request>
  <GetRecord>
    <record>
      <header>
        <identifier>record_kuniweb_1354032</identifier>
        <datestamp>2020-05-10T09:25:12Z</datestamp>
        <setSpec>slg0225</setSpec>
      </header>
      <metadata>
        <marc:record xmlns:marc="http://www.loc.gov/MARC21/slim" xsi:schemaLocation="http://www.loc.gov/MARC21/slim http://www.loc.gov/standards/marcxml/schema/MARC21slim.xsd">
          <marc:leader>12345nrm  22     uu 4500</marc:leader>
          <marc:controlfield tag="001">1354032</marc:controlfield>
          <marc:controlfield tag="003">http://kuniweb.gbv.de</marc:controlfield>
          <marc:controlfield tag="005">2020-05-08T06:18:11</marc:controlfield>
          <marc:controlfield tag="008">|           ||||||||||||||||||||||</marc:controlfield>
          <marc:datafield tag="245" ind1="1" ind2="0">
            <marc:subfield code="a">Tüllenkanne</marc:subfield>
          </marc:datafield>
          <marc:datafield tag="655" ind1=" " ind2="7">
            <marc:subfield code="a">Archäologie</marc:subfield>
          </marc:datafield>
          <marc:datafield tag="046" ind1=" " ind2=" ">
            <marc:subfield code="k">1300</marc:subfield>
            <marc:subfield code="k">14.Jh.</marc:subfield>
            <marc:subfield code="l">1399</marc:subfield>
          </marc:datafield>
          <marc:datafield tag="260" ind1=" " ind2=" ">
            <marc:subfield code="g">1300</marc:subfield>
            <marc:subfield code="g">1399</marc:subfield>
            <marc:subfield code="g">14.Jh.</marc:subfield>
          </marc:datafield>
          <marc:datafield tag="300" ind1=" " ind2=" ">
            <marc:subfield code="a">Durchmesser: 20,8 cm (Mündung)
Höhe: 20,6 cm</marc:subfield>
          </marc:datafield>
          <marc:datafield tag="520" ind1=" " ind2=" ">
            <marc:subfield code="a">Die bronzene Tüllenkanne ist gegossen und getrieben. Die Wandung ist in Fußhöhe beschädigt. Sie hat einen bauchigen Gefäßkörper. Er ruht auf einem kegelförmigen, innen hohlen Fuß und hat einen ausschwingenden leicht gebogenen Rand. Die Tülle ist gesondert gegossen und auf den Gefäßkörper aufgelötet. Da der Henkel sehr klein ist bzw. das Gefäß ein großes Gewicht hat, ist der Henkel funktionell vermutlich nur zum Aufhängen angebracht worden.
Gefunden beim Abriss des Wohnhauses Lange Straße 39 von 1656 im März 1961. Die Kanne lag lag in der 2. freigelegten Brandschicht in 3,15 m Tiefe. (Inventarisationskarte und Katalog: Stadt im Wandel; Unbekannt und Sven Schütte)

Verwendungszweck:
Behälter für Flüssigkeiten

Veröffentlicht in:
„Stadt im Wandel : Kunst und Kultur des Bürgertums in Norddeutschland 1150-1650“. Edition Cantz, Stuttgart-Bad Cannstatt, 1985. (Band 1, Seite 244 (Katalognummer 184) Sven Schütte)

Beschrieben in:
G. Witt-Krakow, „1000 Jahre Uslar. Tausend Jahre Uslar“. Wurm, Göttingen, 1961.</marc:subfield>
          </marc:datafield>
          <marc:datafield tag="650" ind1="1" ind2=" ">
            <marc:subfield code="a">Archäologie</marc:subfield>
          </marc:datafield>
          <marc:datafield tag="650" ind1="1" ind2=" ">
            <marc:subfield code="a">Bronzekanne</marc:subfield>
          </marc:datafield>
          <marc:datafield tag="650" ind1="1" ind2=" ">
            <marc:subfield code="a">Tüllenkanne</marc:subfield>
          </marc:datafield>
          <marc:datafield tag="650" ind1="1" ind2=" ">
            <marc:subfield code="a">Mittelalter</marc:subfield>
          </marc:datafield>
          <marc:datafield tag="650" ind1="1" ind2=" ">
            <marc:subfield code="a">Tüllenkanne</marc:subfield>
          </marc:datafield>
          <marc:datafield tag="650" ind1="1" ind2=" ">
            <marc:subfield code="a">Gebrauchsgegenstand</marc:subfield>
          </marc:datafield>
          <marc:datafield tag="773" ind1="0" ind2=" ">
            <marc:subfield code="t">Archäologie</marc:subfield>
          </marc:datafield>
          <marc:datafield tag="852" ind1=" " ind2=" ">
            <marc:subfield code="a">Museum Uslar</marc:subfield>
          </marc:datafield>
          <marc:datafield tag="852" ind1=" " ind2=" ">
            <marc:subfield code="a">Uslar (Northeim, Niedersachsen)</marc:subfield>
          </marc:datafield>
          <marc:datafield tag="" ind1=" " ind2=" ">
            <marc:subfield code="a">Namensnennung - Nicht kommerziell - Keine Bearbeitungen 4.0 International (CC BY-NC-ND 4.0)</marc:subfield>
          </marc:datafield>
        </marc:record>
      </metadata>
    </record>
  </GetRecord>
</OAI-PMH>
